000 00470nab a2200145Ia 4500
003 ES-SlBCS
005 20210601140704.0
008 140529s1995 xxu||||| |||| 00| 0 spa d
041 _aspa
100 1 _aMasson, Jean-Claude
_953081
245 0 0 _aLos empeños de sor Juana
_c Jean-Claude Masson
600 0 4 _aJuana Inés de la Cruz-Empeños
_9246821
773 0 _tCuadernos Hispanoamericanos
_gvol. Complementarios/16, nº. 16, 1995, págs. 111-125
_wRev1135
942 _cAR
999 _c648466
_d648466